[Event "Wch U10"]
[Site "Montesilvano"]
[Date "2024.11.24"]
[Round "9"]
[White "Park, Jaeik"]
[Black "Von Flottwell, Lionel"]
[Result "0-1"]
[WhiteElo "1477"]
[BlackElo "1704"]
[PlyCount "96"]
[EventDate "2024.11.15"]
[EventType "swiss"]
[EventRounds "11"]
[EventCountry "ITA"]
[SourceTitle "CB48_2024"]
[SourceDate "2024.11.28"]
[SourceVersion "1"]
[SourceVersionDate "2024.11.28"]
[SourceQuality "1"]

1. e4 e5 2. Nf3 Nc6 3. Bb5 a6 4. Ba4 Nf6 5. Qe2 b5 6. Bb3 Bc5 7. c3 0-0 8. d3 h6 9. 0-0 d6 10. Be3 Bxe3 11. fxe3 Ne7 12. Nh4 c5 13. Nd2 Bg4 14. Qf2 Bh5 15. h3 Qd7 16. Qg3 Kh7 17. Bc2 c4 18. d4 Kh8 19. Nf5 Nxf5 20. exf5 a5 21. Nf3 e4 22. Nh2 Be2 23. Rf2 Bd3 24. Bd1 b4 25. Ng4 Nd5 26. cxb4 axb4 27. Qh4 f6 28. Be2 b3 29. a3 c3 30. Bxd3 exd3 31. bxc3 Nxc3 32. Rb2 Rfb8 33. Qe1 Na4 34. Rbb1 Qxf5 35. e4 Qg5 36. Ne3 Ra7 37. Qd2 Rc7 38. Kh2 Rc2 39. Qxd3 Rc3 40. Qa6 Rxe3 41. Qxa4 b2 42. Ra2 Re2 43. Rg1 Qf4+ 44. Kh1 Qc1 45. Qd1 Qxd1 46. Rxd1 b1Q 47. Rxb1 Rxb1+ 48. Kh2 Rxa2 0-1

[Event "Wch U10"]
[Site "Montesilvano"]
[Date "2024.11.22"]
[Round "7"]
[White "Park, Jaeik"]
[Black "Tenuun, Tseesuren"]
[Result "0-1"]
[WhiteElo "1477"]
[BlackElo "1702"]
[PlyCount "88"]
[EventDate "2024.11.15"]
[EventType "swiss"]
[EventRounds "11"]
[EventCountry "ITA"]
[SourceTitle "CB48_2024"]
[SourceDate "2024.11.28"]
[SourceVersion "1"]
[SourceVersionDate "2024.11.28"]
[SourceQuality "1"]

1. e4 e5 2. Nf3 Nc6 3. Bb5 a6 4. Ba4 Nf6 5. Qe2 Be7 6. c3 b5 7. Bc2 d6 8. d3 0-0 9. 0-0 Re8 10. Rd1 Bf8 11. Nbd2 d5 12. exd5 Nxd5 13. Nf1 f5 14. Bb3 Be6 15. Nxe5 Nxe5 16. Qxe5 Bd6 17. Qe2 Qf6 18. Qf3 Qf7 19. Ng3 g6 20. Bg5 Nb6 21. Bxe6 Qxe6 22. Bf4 Rad8 23. Qe3 Qf7 24. Qd2 Na4 25. Bxd6 Rxd6 26. Qc2 Rde6 27. b3 Nb6 28. a4 Nd5 29. axb5 axb5 30. h3 Nf4 31. Qa2 Ne2+ 32. Nxe2 Rxe2 33. Qa3 f4 34. Qa7 f3 35. Qb7 fxg2 36. Qxg2 R8e5 37. h4 Rf5 38. Rf1 Rf4 39. h5 Qf5 40. Ra8+ Kg7 41. h6+ Kxh6 42. Qh2+ Kg7 43. Ra7 Rg4+ 44. Kh1 Qf3+ 0-1

[Event "Wch U10"]
[Site "Montesilvano"]
[Date "2024.11.19"]
[Round "5"]
[White "Park, Jaeik"]
[Black "Kalinichenko, German Yu"]
[Result "0-1"]
[WhiteElo "1477"]
[BlackElo "1621"]
[PlyCount "64"]
[EventDate "2024.11.15"]
[EventType "swiss"]
[EventRounds "11"]
[EventCountry "ITA"]
[SourceTitle "CB48_2024"]
[SourceDate "2024.11.28"]
[SourceVersion "1"]
[SourceVersionDate "2024.11.28"]
[SourceQuality "1"]

1. e4 e5 2. Nf3 Nc6 3. Bb5 a6 4. Ba4 Nf6 5. Qe2 b5 6. Bb3 Be7 7. d4 d6 8. dxe5 Nxe5 9. Nxe5 dxe5 10. 0-0 0-0 11. Rd1 Bd7 12. c3 c5 13. Nd2 Qc7 14. Nf1 c4 15. Bc2 Bc5 16. h3 a5 17. Bd2 h6 18. Ng3 Ra6 19. Nf5 Bxf5 20. exf5 e4 21. Re1 Re8 22. Kh1 Qe5 23. b3 Bd6 24. g3 Qxf5 25. Kg2 cxb3 26. Bxb3 Nh7 27. c4 Bb4 28. cxb5 Bxd2 29. bxa6 Bxe1 30. Qxe1 Ng5 31. g4 Qf3+ 32. Kf1 Qxh3+ 0-1